000 00812nam a2200181 i 4500
001 48315
003 ES-MaACL
005 20230906161731.0
007 t|
008 950711s1862 fr ||||1| fre d
040 _aCAM
_bspa
_cCAM
100 1 _aDalloz, Edouard.
_942496
245 1 0 _aDe la propriété des mines et de son organisation légale en France et en Belgique
_b: guide théorique et pratique du légiste, de l'ingénieur et ed l'exploitant ; suivi de Recherches sur la richesse minérale et la législation minière des principales nations /
_cpar Edouard Dalloz ; avec la collaboration de M. Ant. Gouiffès.
260 _aParis :
_bBureau de la Jurisprudence Generale,
_c1862 (
_fE. Thunot et Cie.)
300 _a2 v. ;
_c24 cm.
700 1 _aGouiffés, Ant.
_959323
852 _aES-MaACL
_jG-13646-7
999 _c48315
_d48315